An introduction to statistics: an active learning approach (Record no. 153)
[ view plain ]
| 000 -LEADER | |
|---|---|
| fixed length control field | 00252cam a2200097 i 4500 |
| 020 ## - INTERNATIONAL STANDARD BOOK NUMBER | |
| International Standard Book Number | 9781544375090 |
| 100 1# - MAIN ENTRY--PERSONAL NAME | |
| Personal name | Carlson, Kieth A., |
| 245 13 - TITLE STATEMENT | |
| Title | An introduction to statistics: an active learning approach |
| 250 ## - EDITION STATEMENT | |
| Edition statement | Third edition. |
| 264 #1 - PRODUCTION, PUBLICATION, DISTRIBUTION, MANUFACTURE, AND COPYRIGHT NOTICE | |
| Name of producer, publisher, distributor, manufacturer | SAGE, |
| Date of production, publication, distribution, manufacture, or copyright notice | [2022] |
| 999 ## - | |
| -- | 153 |
| -- | 153 |
No items available.